[Event "Team men PL"]
[Site "Sochi"]
[Date "2020.11.25"]
[Round "6.27"]
[White "Demidov, Mikhail"]
[Black "Usmanov, Vasily"]
[Result "0-1"]
[BlackElo "2442"]
[WhiteElo "2526"]
[LiveChessVersion "1.4.8"]

1.Nf3 {[%clk 1:30:57]} d5 {[%clk 1:30:51]} 2.g3 {[%clk 1:31:23]}
Nd7 {[%clk 1:28:26]} 3.Bg2 {[%clk 1:30:55]} e5 {[%clk 1:28:36]}
4.d3 {[%clk 1:31:05]} Ngf6 {[%clk 1:28:22]} 5.O-O {[%clk 1:31:27]}
Bd6 {[%clk 1:27:59]} 6.Nbd2 {[%clk 1:31:08]} O-O {[%clk 1:28:18]}
7.e4 {[%clk 1:31:26]} c6 {[%clk 1:28:42]} 8.b3 {[%clk 1:23:10]}
Re8 {[%clk 1:25:58]} 9.Bb2 {[%clk 1:22:52]} a5 {[%clk 1:11:59]}
10.a3 {[%clk 1:21:06]} Nf8 {[%clk 1:06:33]} 11.Re1 {[%clk 1:13:56]}
Ng6 {[%clk 1:05:57]} 12.c3 {[%clk 1:10:02]} Qc7 {[%clk 0:59:18]}
13.Qc2 {[%clk 1:09:51]} Be6 {[%clk 0:59:15]} 14.b4 {[%clk 1:07:22]}
h6 {[%clk 0:59:09]} 15.Rad1 {[%clk 0:54:40]} Rad8 {[%clk 0:54:44]}
16.Nb3 {[%clk 0:54:31]} b6 {[%clk 0:53:50]} 17.Nbd2 {[%clk 0:50:09]}
Bf8 {[%clk 0:49:34]} 18.Qb1 {[%clk 0:41:04]} dxe4 {[%clk 0:44:10]}
19.Nxe4 {[%clk 0:39:20]} Nxe4 {[%clk 0:40:52]} 20.dxe4 {[%clk 0:39:19]}
Bb3 {[%clk 0:40:08]} 21.Rd2 {[%clk 0:38:18]} c5 {[%clk 0:40:17]}
22.Bc1 {[%clk 0:36:06]} Ba4 {[%clk 0:31:06]} 23.Rd5 {[%clk 0:30:22]}
cxb4 {[%clk 0:29:12]} 24.cxb4 {[%clk 0:30:18]} axb4 {[%clk 0:29:11]}
25.axb4 {[%clk 0:30:39]} Qc4 {[%clk 0:16:21]} 26.Be3 {[%clk 0:23:51]}
Bc2 {[%clk 0:13:12]} 27.Qb2 {[%clk 0:22:23]} Rc8 {[%clk 0:06:49]}
28.Nxe5 {[%clk 0:14:18]} Qxb4 {[%clk 0:06:54]} 29.Qxb4 {[%clk 0:07:40]}
Bxb4 {[%clk 0:07:17]} 30.Nxg6 {[%clk 0:08:02]} Bxe1 {[%clk 0:07:35]}
31.Nf4 {[%clk 0:08:29]} Rb8 {[%clk 0:04:27]} 32.Rb5 {[%clk 0:08:48]}
Bxe4 {[%clk 0:04:13]} 33.Rxb6 {[%clk 0:08:20]} Rxb6 {[%clk 0:03:42]}
34.Bxb6 {[%clk 0:08:49]} Bd2 {[%clk 0:03:18]} 35.Bxe4 {[%clk 0:08:34]}
Rxe4 {[%clk 0:03:41]} 36.Nd3 {[%clk 0:08:58]} Bc3 {[%clk 0:03:53]}
37.Kf1 {[%clk 0:09:11]} Bd4 {[%clk 0:03:34]} 38.Ba5 {[%clk 0:08:16]}
Kf8 {[%clk 0:00:51]} 39.h3 {[%clk 0:08:39]} Ke7 {[%clk 0:00:33]}
40.Bb4+ {[%clk 0:39:04]} Kd7 {[%clk 0:30:41]} 41.Nc5+ {[%clk 0:35:26]}
Bxc5 {[%clk 0:30:48]} 42.Bxc5 {[%clk 0:35:55]} h5 {[%clk 0:29:39]}
43.Bf8 {[%clk 0:34:30]} g6 {[%clk 0:30:06]} 44.Bh6 {[%clk 0:34:52]}
Ke6 {[%clk 0:30:30]} 45.Bd2 {[%clk 0:34:52]} Kd5 {[%clk 0:30:54]}
46.Bh6 {[%clk 0:35:11]} Kd4 {[%clk 0:31:19]} 47.Bg7+ {[%clk 0:35:33]}
Kd3 {[%clk 0:31:45]} 48.Bh6 {[%clk 0:35:56]} Rb4 {[%clk 0:31:40]}
49.Bg5 {[%clk 0:33:37]} Rb1+ {[%clk 0:31:19]} 50.Kg2 {[%clk 0:34:03]}
Ke2 51.h4 {[%clk 0:30:08]} Rb3 {[%clk 0:31:22]} 52.Bf6 {[%clk 0:30:24]}
Rf3 {[%clk 0:31:22]} 53.Bd4 {[%clk 0:30:49]} f5 {[%clk 0:30:56]}
54.Bc5 {[%clk 0:28:29]} f4 {[%clk 0:30:05]} 55.gxf4 {[%clk 0:28:49]}
Rxf4 {[%clk 0:30:28]} 56.Kg3 {[%clk 0:29:06]} Rg4+ {[%clk 0:30:45]}
57.Kh3 {[%clk 0:29:30]} Kf3 {[%clk 0:30:53]} 58.Bb6 {[%clk 0:29:05]}
Rg2 {[%clk 0:30:49]} 59.Bc5 {[%clk 0:29:17]} Rxf2 {[%clk 0:30:52]}
60.Bb6 {[%clk 0:29:23]} Rf1 {[%clk 0:31:13]} 61.Bc7 {[%clk 0:29:38]}
Rh1+ {[%clk 0:30:49]} 62.Bh2 {[%clk 0:30:04]} Rxh2+ {[%clk 0:31:01]} 0-1

[Event "Team men PL"]
[Site "Sochi"]
[Date "2020.11.25"]
[Round "6.28"]
[White "Pershin, Denis"]
[Black "Murzin, Volodar"]
[Result "1/2-1/2"]
[BlackElo "2470"]
[WhiteElo "2387"]
[LiveChessVersion "1.4.8"]

1.d4 {[%clk 1:30:54]} Nf6 {[%clk 1:30:51]} 2.c4 {[%clk 1:31:19]}
g6 {[%clk 1:29:00]} 3.Nc3 {[%clk 1:31:21]} Bg7 {[%clk 1:29:23]}
4.g3 {[%clk 1:31:09]} O-O {[%clk 1:29:44]} 5.Bg2 {[%clk 1:31:33]}
d6 {[%clk 1:29:24]} 6.Nf3 {[%clk 1:31:53]} Nbd7 {[%clk 1:27:56]}
7.O-O {[%clk 1:32:02]} e5 {[%clk 1:26:36]} 8.h3 {[%clk 1:31:16]}
a6 {[%clk 1:17:35]} 9.Re1 {[%clk 1:13:45]} Rb8 {[%clk 1:07:09]}
10.a4 {[%clk 1:05:09]} c6 {[%clk 0:50:56]} 11.e4 {[%clk 0:52:20]}
a5 {[%clk 0:50:30]} 12.b3 {[%clk 0:47:08]} Re8 {[%clk 0:47:36]}
13.Be3 {[%clk 0:42:23]} exd4 {[%clk 0:40:26]} 14.Nxd4 {[%clk 0:42:35]}
Nc5 {[%clk 0:40:41]} 15.Qc2 {[%clk 0:42:06]} Nfd7 {[%clk 0:40:33]}
16.Rad1 {[%clk 0:40:38]} Qb6 {[%clk 0:38:59]} 17.Rb1 {[%clk 0:30:07]}
Qd8 {[%clk 0:27:29]} 18.Rbd1 {[%clk 0:26:52]} Qb6 {[%clk 0:20:38]}
19.Rb1 {[%clk 0:27:16]} Qd8 {[%clk 0:20:33]} 20.Rbd1 1/2-1/2

[Event "Team men PL"]
[Site "Sochi"]
[Date "2020.11.25"]
[Round "6.29"]
[White "Savitskiy, Sergey"]
[Black "Timerkhanov, Alexander"]
[Result "0-1"]
[BlackElo "2379"]
[WhiteElo "2451"]
[LiveChessVersion "1.4.8"]

1.e4 {[%clk 1:30:58]} e6 {[%clk 1:30:49]} 2.d4 {[%clk 1:30:49]}
d5 {[%clk 1:31:12]} 3.Nc3 {[%clk 1:31:13]} Bb4 {[%clk 1:31:26]}
4.e5 {[%clk 1:31:38]} b6 {[%clk 1:31:26]} 5.Qg4 {[%clk 1:27:59]}
Bf8 {[%clk 1:31:39]} 6.Bg5 {[%clk 1:21:36]} Qd7 {[%clk 1:30:02]}
7.f4 {[%clk 1:16:41]} Ba6 {[%clk 1:28:49]} 8.Nf3 {[%clk 1:09:54]}
h6 {[%clk 1:18:06]} 9.Qh3 {[%clk 1:07:57]} g6 {[%clk 1:09:59]}
10.O-O-O {[%clk 1:04:10]} Bg7 {[%clk 1:07:46]} 11.Bh4 {[%clk 1:03:57]}
Bxf1 {[%clk 1:06:21]} 12.Rhxf1 {[%clk 1:04:09]} Nc6 {[%clk 1:06:27]}
13.Qg3 {[%clk 0:54:36]} Nge7 {[%clk 1:02:28]} 14.Qe1 {[%clk 0:54:24]}
O-O-O {[%clk 1:01:43]} 15.g4 {[%clk 0:53:49]} Rdg8 {[%clk 0:59:56]}
16.Kb1 {[%clk 0:49:17]} Kb7 {[%clk 1:00:17]} 17.h3 {[%clk 0:44:39]}
Na5 {[%clk 0:56:56]} 18.Rd3 {[%clk 0:43:14]} Nec6 {[%clk 0:53:41]}
19.Nd2 {[%clk 0:36:23]} Rc8 {[%clk 0:52:17]} 20.a3 {[%clk 0:35:04]}
Bf8 {[%clk 0:47:58]} 21.f5 {[%clk 0:33:14]} g5 {[%clk 0:47:46]}
22.Bf2 {[%clk 0:32:31]} a6 {[%clk 0:46:12]} 23.Bg1 {[%clk 0:27:22]}
Na7 {[%clk 0:43:35]} 24.Rdf3 {[%clk 0:24:27]} Nb5 {[%clk 0:42:43]}
25.Na2 {[%clk 0:24:16]} Be7 {[%clk 0:39:46]} 26.Qe2 {[%clk 0:23:34]}
h5 {[%clk 0:30:22]} 27.fxe6 {[%clk 0:16:47]} fxe6 {[%clk 0:30:48]}
28.Rf7 {[%clk 0:17:06]} hxg4 {[%clk 0:29:38]} 29.hxg4 {[%clk 0:17:27]}
Nc6 {[%clk 0:28:48]} 30.Nb3 {[%clk 0:14:01]} Rcf8 {[%clk 0:27:52]}
31.a4 {[%clk 0:11:08]} Rxf7 {[%clk 0:27:51]} 32.Rxf7 {[%clk 0:11:34]}
Nba7 {[%clk 0:28:14]} 33.Nc3 {[%clk 0:08:56]} Qe8 {[%clk 0:28:31]}
34.Rf3 {[%clk 0:07:09]} Nb4 {[%clk 0:28:44]} 35.a5 {[%clk 0:05:08]}
Qg6 {[%clk 0:28:18]} 36.Rf1 {[%clk 0:01:29]} Rh3 {[%clk 0:27:03]}
37.axb6 {[%clk 0:01:04]} cxb6 {[%clk 0:27:27]} 38.Nc1 {[%clk 0:01:14]}
Nac6 {[%clk 0:25:36]} 39.N1a2 {[%clk 0:01:17]} Nxa2 {[%clk 0:25:18]}
40.Nxa2 {[%clk 0:31:20]} Na5 {[%clk 0:54:57]} 41.Qg2 {[%clk 0:25:16]}
Rh8 {[%clk 0:53:26]} 42.Be3 {[%clk 0:19:59]} Rc8 {[%clk 0:52:24]}
43.Qe2 {[%clk 0:19:35]} Rh8 {[%clk 0:47:28]} 44.Nc1 {[%clk 0:12:53]}
Rh7 {[%clk 0:44:38]} 45.Qd3 {[%clk 0:12:13]} Qxd3 {[%clk 0:45:02]}
46.Nxd3 {[%clk 0:12:39]} Kc7 {[%clk 0:45:12]} 47.b3 {[%clk 0:11:57]}
Rh3 {[%clk 0:41:59]} 48.Bf2 {[%clk 0:05:21]} Nxb3 {[%clk 0:40:57]}
49.Be1 {[%clk 0:03:18]} Nxd4 {[%clk 0:38:29]} 50.Rf7 {[%clk 0:03:44]}
Kd8 {[%clk 0:38:53]} 51.Bf2 {[%clk 0:03:32]} Nc6 {[%clk 0:37:57]}
52.Bxb6+ {[%clk 0:03:25]} Ke8 {[%clk 0:38:23]} 53.Rf1 {[%clk 0:03:19]}
Rg3 {[%clk 0:35:32]} 54.Rg1 {[%clk 0:03:29]} Rxg1+ {[%clk 0:34:51]}
55.Bxg1 {[%clk 0:03:54]} Na5 {[%clk 0:34:02]} 56.Ne1 {[%clk 0:03:12]}
Nc4 {[%clk 0:32:54]} 57.Nf3 {[%clk 0:03:36]} Kd7 {[%clk 0:31:08]}
58.Ka2 {[%clk 0:03:55]} Bb4 {[%clk 0:30:52]} 59.Kb3 {[%clk 0:02:34]}
Bd2 {[%clk 0:30:54]} 60.Bd4 {[%clk 0:01:38]} Bf4 {[%clk 0:31:14]}
61.Kb4 {[%clk 0:00:45]} Kc6 {[%clk 0:30:32]} 62.Ka4 {[%clk 0:01:08]}
Ne3 {[%clk 0:25:33]} 63.Bxe3 {[%clk 0:01:30]} Bxe3 {[%clk 0:26:00]}
64.Kb4 {[%clk 0:01:56]} Kb6 {[%clk 0:22:49]} 65.Kc3 {[%clk 0:01:02]}
a5 {[%clk 0:20:48]} 66.Kd3 {[%clk 0:01:27]} Bf4 {[%clk 0:21:10]}
67.Nd4 {[%clk 0:01:38]} Bxe5 {[%clk 0:21:33]} 68.Nxe6 {[%clk 0:02:05]}
Bf6 {[%clk 0:21:52]} 69.c4 {[%clk 0:02:13]} a4 {[%clk 0:21:54]} 0-1

[Event "Team men PL"]
[Site "Sochi"]
[Date "2020.11.25"]
[Round "6.30"]
[White "Askerov, Marat"]
[Black "Potapov, Pavel"]
[Result "1/2-1/2"]
[BlackElo "2482"]
[WhiteElo "2338"]
[LiveChessVersion "1.4.8"]

1.d4 {[%clk 1:30:57]} Nf6 {[%clk 1:30:51]} 2.c4 {[%clk 1:31:10]}
e6 {[%clk 1:31:14]} 3.Nf3 {[%clk 1:30:32]} b6 {[%clk 1:31:23]}
4.g3 {[%clk 1:26:32]} Bb7 {[%clk 1:31:28]} 5.Bg2 {[%clk 1:26:55]}
Bb4+ {[%clk 1:31:28]} 6.Bd2 {[%clk 1:26:13]} a5 {[%clk 1:31:08]}
7.O-O {[%clk 1:19:09]} O-O {[%clk 1:31:03]} 8.Bg5 {[%clk 1:14:50]}
Be7 {[%clk 1:30:39]} 9.Nc3 {[%clk 1:14:36]} Ne4 {[%clk 1:28:15]}
10.Bxe7 {[%clk 1:12:38]} Qxe7 {[%clk 1:28:38]} 11.Qc2 {[%clk 1:04:30]}
Nxc3 {[%clk 1:27:34]} 12.Qxc3 {[%clk 1:04:59]} d6 {[%clk 1:27:46]}
13.Rfe1 {[%clk 0:52:35]} f5 {[%clk 1:16:54]} 14.Nd2 {[%clk 0:35:08]}
Bxg2 {[%clk 1:16:07]} 15.Kxg2 {[%clk 0:35:37]} Nd7 {[%clk 1:13:26]}
16.Qf3 {[%clk 0:23:14]} e5 {[%clk 1:07:05]} 17.Qc6 {[%clk 0:19:35]}
Rac8 {[%clk 1:04:42]} 18.dxe5 {[%clk 0:18:55]} dxe5 {[%clk 0:56:47]}
19.Rad1 {[%clk 0:19:01]} Nc5 {[%clk 0:55:00]} 20.Nb3 {[%clk 0:17:32]}
Nxb3 {[%clk 0:49:17]} 21.axb3 {[%clk 0:18:01]} Rcd8 {[%clk 0:46:25]}
22.Rd5 {[%clk 0:15:18]} Rf6 {[%clk 0:39:17]} 23.Qb5 {[%clk 0:13:10]}
Re6 {[%clk 0:34:41]} 24.Red1 {[%clk 0:11:03]} Rxd5 {[%clk 0:31:30]}
25.Qxd5 {[%clk 0:11:28]} Kf7 {[%clk 0:29:30]} 26.e4 {[%clk 0:06:29]}
fxe4 {[%clk 0:17:23]} 27.Qxe4 {[%clk 0:06:54]} g6 {[%clk 0:17:03]}
28.Rd5 {[%clk 0:05:20]} Kg7 {[%clk 0:15:27]} 29.h4 {[%clk 0:04:46]}
h5 {[%clk 0:14:17]} 30.Rd2 {[%clk 0:03:27]} Kf7 {[%clk 0:11:18]}
31.Re2 {[%clk 0:03:22]} Qd6 {[%clk 0:09:47]} 32.Qf3+ {[%clk 0:02:11]}
Kg7 {[%clk 0:07:44]} 33.Qe4 {[%clk 0:02:35]} Kf7 {[%clk 0:06:54]}
34.Qe3 {[%clk 0:02:57]} Kg7 {[%clk 0:04:12]} 35.Rd2 {[%clk 0:03:18]}
Qe7 {[%clk 0:03:22]} 36.Rd5 {[%clk 0:03:00]} Qf6 {[%clk 0:02:32]}
37.Qe4 {[%clk 0:01:23]} Re7 {[%clk 0:01:54]} 38.Rd2 {[%clk 0:01:31]}
Qf5 {[%clk 0:01:16]} 39.Qxf5 {[%clk 0:01:00]} gxf5 {[%clk 0:01:45]}
40.Kf3 {[%clk 0:31:24]} Kf7 {[%clk 0:30:56]} 41.Ke3 {[%clk 0:27:26]}
Re6 {[%clk 0:28:07]} 42.Rd7+ {[%clk 0:27:39]} Re7 {[%clk 0:28:08]}
43.Rd5 {[%clk 0:28:03]} Ke6 {[%clk 0:21:47]} 44.Rd8 {[%clk 0:26:13]}
Rh7 {[%clk 0:19:07]} 45.Rf8 {[%clk 0:24:18]} Rh6 {[%clk 0:18:08]}
46.Rg8 {[%clk 0:22:31]} Kf6 {[%clk 0:15:52]} 47.Ra8 {[%clk 0:19:58]}
Ke7 {[%clk 0:15:35]} 48.Rc8 {[%clk 0:19:08]} Kd6 {[%clk 0:14:29]}
49.Rf8 {[%clk 0:13:41]} Ke6 {[%clk 0:14:43]} 50.Re8+ {[%clk 0:13:41]}
Kd6 {[%clk 0:14:43]} 51.Kd3 {[%clk 0:14:02]} Rh7 {[%clk 0:08:11]}
52.Rg8 {[%clk 0:13:58]} Rd7 {[%clk 0:02:11]} 53.Rh8 {[%clk 0:09:13]}
e4+ {[%clk 0:01:37]} 54.Kc2 {[%clk 0:07:14]} Ke6 {[%clk 0:01:31]}
55.Rh6+ {[%clk 0:07:14]} Kf7 {[%clk 0:01:28]} 56.Rxh5 {[%clk 0:07:19]}
Kg6 {[%clk 0:01:54]} 57.Rg5+ {[%clk 0:05:37]} Kf6 {[%clk 0:02:20]}
58.g4 {[%clk 0:02:20]} fxg4 {[%clk 0:02:34]} 59.Rxg4 {[%clk 0:02:46]}
Kf5 {[%clk 0:02:51]} 60.Rg2 {[%clk 0:02:30]} Rd3 {[%clk 0:00:42]}
61.Rg3 {[%clk 0:02:38]} Rd7 {[%clk 0:01:01]} 62.Kc3 {[%clk 0:01:20]}
c5 {[%clk 0:00:50]} 63.h5 {[%clk 0:00:37]} Rh7 {[%clk 0:01:01]}
64.Rh3 {[%clk 0:00:37]} Kg4 {[%clk 0:01:16]} 65.Rg3+ {[%clk 0:00:42]}
Kf5 {[%clk 0:01:25]} 66.Rh3 {[%clk 0:00:40]} Kg4 {[%clk 0:01:50]}
67.Rg3+ {[%clk 0:01:07]} Kf5 {[%clk 0:02:17]} 68.Rg6 {[%clk 0:00:45]}
Rxh5 {[%clk 0:02:06]} 69.Rxb6 {[%clk 0:01:13]} Rh3+ {[%clk 0:00:40]}
70.Kd2 {[%clk 0:01:35]} Kf4 {[%clk 0:00:51]} 71.Ke2 {[%clk 0:01:22]}
Ke5 {[%clk 0:00:38]} 72.Rb8 {[%clk 0:01:02]} Kd6 {[%clk 0:00:35]}
73.Rb6+ {[%clk 0:01:02]} Ke5 {[%clk 0:00:55]} 74.Rc6 {[%clk 0:00:56]}
Rxb3 {[%clk 0:00:55]} 75.Rxc5+ {[%clk 0:01:23]} Kd4 {[%clk 0:01:16]}
76.Rb5 {[%clk 0:01:36]} a4 {[%clk 0:00:53]} 77.Rxb3 {[%clk 0:01:04]}
axb3 {[%clk 0:01:20]} 78.f4 {[%clk 0:00:41]} exf3+ {[%clk 0:01:41]}
79.Kxf3 {[%clk 0:01:08]} Kxc4 {[%clk 0:02:03]} 80.Ke4 {[%clk 0:01:35]}
Kc5 {[%clk 0:02:11]} 81.Kd3 {[%clk 0:01:59]} Kc6 {[%clk 0:02:26]}
82.Kc4 {[%clk 0:02:24]} Kb6 {[%clk 0:02:50]} 83.Kxb3 {[%clk 0:02:48]}
Kb5 {[%clk 0:03:17]} 84.Kc3 {[%clk 0:03:15]} 1/2-1/2

[Event "Team men PL"]
[Site "Sochi"]
[Date "2020.11.26"]
[Round "7.1"]
[White "Lobanov, Sergei"]
[Black "Fedoseev, Vladimir"]
[Result "1-0"]
[BlackElo "2676"]
[WhiteElo "2522"]
[LiveChessVersion "1.4.8"]

1.e4 {[%clk 1:30:56]} c6 {[%clk 1:28:56]} 2.d4 {[%clk 1:31:12]}
d5 {[%clk 1:29:20]} 3.Nc3 {[%clk 1:31:31]} dxe4 {[%clk 1:28:00]}
4.Nxe4 {[%clk 1:31:54]} Nf6 {[%clk 1:28:18]} 5.Nxf6+ {[%clk 1:32:11]}
exf6 {[%clk 1:28:40]} 6.c3 {[%clk 1:32:33]} Bd6 {[%clk 1:27:24]}
7.Bd3 {[%clk 1:32:43]} O-O {[%clk 1:26:36]} 8.Qc2 {[%clk 1:33:03]}
Re8+ {[%clk 1:26:28]} 9.Ne2 {[%clk 1:33:23]} h5 {[%clk 1:26:02]}
10.Be3 {[%clk 1:33:18]} Be6 {[%clk 1:21:48]} 11.O-O-O {[%clk 1:27:31]}
Qa5 {[%clk 1:18:32]} 12.a3 {[%clk 1:26:30]} Nd7 {[%clk 1:14:46]}
13.c4 {[%clk 1:23:17]} b5 {[%clk 1:05:40]} 14.c5 {[%clk 1:22:10]}
Bc7 {[%clk 1:05:42]} 15.Bh7+ {[%clk 1:19:00]} Kh8 {[%clk 1:01:38]}
16.Be4 {[%clk 1:18:04]} Qa6 {[%clk 0:58:54]} 17.Nc3 {[%clk 1:11:24]}
Rac8 {[%clk 0:58:46]} 18.h3 {[%clk 1:03:59]} h4 {[%clk 0:56:41]}
19.Rhe1 {[%clk 0:48:47]} g6 {[%clk 0:46:51]} 20.Bxg6 {[%clk 0:35:04]}
fxg6 {[%clk 0:47:08]} 21.Qxg6 {[%clk 0:35:27]} Re7 {[%clk 0:45:03]}
22.Bh6 {[%clk 0:34:02]} Rg8 {[%clk 0:45:21]} 23.Qh5 {[%clk 0:34:25]}
Rh7 {[%clk 0:45:11]} 24.Rxe6 {[%clk 0:34:05]} Bf4+ {[%clk 0:43:57]}
25.Kb1 {[%clk 0:34:22]} Bxh6 {[%clk 0:44:09]} 26.Qf3 {[%clk 0:34:11]}
b4 {[%clk 0:38:03]} 27.axb4 {[%clk 0:33:25]} Qc4 {[%clk 0:38:15]}
28.Qxc6 {[%clk 0:29:46]} Nb8 {[%clk 0:36:25]} 29.Qe4 {[%clk 0:26:32]}
Qxb4 {[%clk 0:36:08]} 30.Nd5 {[%clk 0:25:19]} Qa4 {[%clk 0:34:02]}
31.Qc2 {[%clk 0:23:15]} Qxc2+ {[%clk 0:32:55]} 32.Kxc2 {[%clk 0:23:44]}
Rf7 {[%clk 0:33:08]} 33.Nxf6 {[%clk 0:20:50]} Rxg2 {[%clk 0:32:24]}
34.Ng4 {[%clk 0:19:06]} Bf8 {[%clk 0:32:26]} 35.b4 {[%clk 0:13:06]}
Kg7 {[%clk 0:30:16]} 36.Kd3 {[%clk 0:13:08]} Rf3+ {[%clk 0:26:03]}
37.Re3 {[%clk 0:13:30]} Rf4 {[%clk 0:26:27]} 38.b5 {[%clk 0:13:05]}
Nd7 {[%clk 0:26:37]} 39.c6 {[%clk 0:12:52]} Nb6 {[%clk 0:27:02]}
40.Ra1 {[%clk 0:42:02]} Rf7 {[%clk 0:57:23]} 41.Ke2 {[%clk 0:36:40]}
Nc4 {[%clk 0:53:33]} 42.Rc3 {[%clk 0:33:11]} Nd6 {[%clk 0:49:01]}
43.c7 {[%clk 0:32:40]} Nc8 {[%clk 0:49:08]} 44.Rxa7 {[%clk 0:31:38]}
Rg1 {[%clk 0:49:31]} 45.Ra8 {[%clk 0:30:35]} Re7+ {[%clk 0:49:08]}
46.Kd2 {[%clk 0:27:00]} Re8 {[%clk 0:48:30]} 47.Re3 {[%clk 0:26:36]}
Bb4+ {[%clk 0:48:30]} 48.Kc2 {[%clk 0:27:04]} Rf8 {[%clk 0:48:46]}
49.Re6 {[%clk 0:18:08]} Rxg4 {[%clk 0:45:20]} 50.hxg4 {[%clk 0:18:23]}
h3 {[%clk 0:45:45]} 51.b6 {[%clk 0:18:31]} h2 {[%clk 0:45:58]}
52.Ra1 {[%clk 0:18:49]} Nd6 {[%clk 0:42:12]} 53.Rh1 {[%clk 0:15:12]}
Nb5 {[%clk 0:42:16]} 54.Kd3 {[%clk 0:15:18]} Bd6 {[%clk 0:42:38]}
55.Kc4 {[%clk 0:15:16]} Kf7 {[%clk 0:41:54]} 56.Rh6 {[%clk 0:14:39]}
Bf4 {[%clk 0:41:35]} 57.Kxb5 {[%clk 0:14:58]} 1-0

[Event "Team men PL"]
[Site "Sochi"]
[Date "2020.11.26"]
[Round "7.2"]
[White "Sakaev, Konstantin"]
[Black "Shubin, Kirill"]
[Result "1/2-1/2"]
[BlackElo "2441"]
[WhiteElo "2612"]
[LiveChessVersion "1.4.8"]

1.Nf3 {[%clk 1:30:56]} Nf6 {[%clk 1:30:56]} 2.c4 {[%clk 1:31:11]}
b6 {[%clk 1:31:22]} 3.d4 {[%clk 1:30:56]} e6 {[%clk 1:31:49]}
4.g3 {[%clk 1:31:13]} Bb7 {[%clk 1:32:15]} 5.Bg2 {[%clk 1:31:37]}
Be7 {[%clk 1:32:41]} 6.O-O {[%clk 1:31:57]} O-O {[%clk 1:33:06]}
7.h4 {[%clk 1:31:12]} d5 {[%clk 1:23:25]} 8.cxd5 {[%clk 1:31:24]}
exd5 {[%clk 1:23:29]} 9.Nc3 {[%clk 1:31:28]} Nbd7 {[%clk 1:14:47]}
10.Ne5 {[%clk 1:26:14]} c5 {[%clk 1:10:39]} 11.Qa4 {[%clk 1:25:21]}
cxd4 {[%clk 1:08:15]} 12.Nxd7 {[%clk 1:25:26]} Qxd7 {[%clk 1:08:37]}
13.Qxd7 {[%clk 1:25:31]} Nxd7 {[%clk 1:09:02]} 14.Nxd5 {[%clk 1:25:47]}
Bxd5 {[%clk 1:07:54]} 15.Bxd5 {[%clk 1:26:00]} Rac8 {[%clk 1:03:59]}
16.Rd1 {[%clk 1:25:42]} Bf6 {[%clk 1:03:36]} 17.Rb1 {[%clk 1:19:01]}
Rfe8 {[%clk 0:59:17]} 18.Kf1 {[%clk 1:09:59]} h6 {[%clk 0:48:16]}
19.Bd2 {[%clk 0:53:58]} Nc5 {[%clk 0:45:07]} 20.Rdc1 {[%clk 0:52:41]}
d3 {[%clk 0:41:46]} 21.e3 {[%clk 0:37:27]} Red8 {[%clk 0:39:45]}
22.e4 {[%clk 0:37:15]} Na4 {[%clk 0:38:59]} 23.b4 {[%clk 0:36:29]}
Nc3 {[%clk 0:37:35]} 24.Rb3 {[%clk 0:32:40]} Nxe4 {[%clk 0:37:51]}
25.Bxe4 {[%clk 0:32:53]} Rxc1+ {[%clk 0:38:19]} 26.Bxc1 {[%clk 0:33:17]}
d2 {[%clk 0:38:45]} 27.Bxd2 {[%clk 0:33:41]} Rxd2 {[%clk 0:39:07]}
28.Ra3 {[%clk 0:32:00]} Rd7 {[%clk 0:38:05]} 29.Rd3 {[%clk 0:31:59]}
Rxd3 {[%clk 0:38:31]} 30.Bxd3 {[%clk 0:32:25]} a5 {[%clk 0:38:58]}
31.bxa5 {[%clk 0:32:48]} bxa5 {[%clk 0:39:27]} 32.a4 {[%clk 0:33:11]}
g6 {[%clk 0:39:54]} 33.Bc4 {[%clk 0:33:35]} Kg7 {[%clk 0:40:21]}
34.Bd3 {[%clk 0:33:59]} Be7 {[%clk 0:40:49]} 35.Bc4 {[%clk 0:34:21]}
Bf6 {[%clk 0:41:16]} 36.Bd3 {[%clk 0:34:47]} Be7 {[%clk 0:41:44]}
37.Bc4 {[%clk 0:35:12]} Bf6 {[%clk 0:42:12]} 38.Bd3 {[%clk 0:35:36]}
Be7 {[%clk 0:42:40]} 39.Bc4 {[%clk 0:36:01]} Bf6 {[%clk 0:43:08]}
40.Bd3 {[%clk 1:06:26]} Be7 {[%clk 1:13:35]} 41.Bc4 {[%clk 1:06:51]} 1/2-1/2

[Event "Team men PL"]
[Site "Sochi"]
[Date "2020.11.26"]
[Round "7.3"]
[White "Usmanov, Vasily"]
[Black "Khairullin, Ildar"]
[Result "1/2-1/2"]
[BlackElo "2618"]
[WhiteElo "2442"]
[LiveChessVersion "1.4.8"]

1.Nf3 {[%clk 1:30:58]} d5 {[%clk 1:26:07]} 2.d4 {[%clk 1:30:48]}
Nf6 {[%clk 1:26:24]} 3.c4 {[%clk 1:31:14]} c6 {[%clk 1:26:31]}
4.Nbd2 {[%clk 1:31:31]} Bf5 {[%clk 1:26:39]} 5.Nh4 {[%clk 1:31:42]}
Be4 {[%clk 1:27:00]} 6.e3 {[%clk 1:32:08]} e6 {[%clk 1:26:49]}
7.Be2 {[%clk 1:32:31]} Be7 {[%clk 1:18:40]} 8.O-O {[%clk 1:32:20]}
O-O {[%clk 1:18:07]} 9.g3 {[%clk 1:14:26]} Qc7 {[%clk 1:12:01]}
10.f3 {[%clk 0:56:38]} Bg6 {[%clk 1:11:24]} 11.cxd5 {[%clk 0:56:19]}
cxd5 {[%clk 0:54:44]} 12.Nxg6 {[%clk 0:56:20]} hxg6 {[%clk 0:55:09]}
13.Nb3 {[%clk 0:54:40]} Bd6 {[%clk 0:46:40]} 14.Bd2 {[%clk 0:42:43]}
Bxg3 {[%clk 0:38:15]} 15.hxg3 {[%clk 0:43:07]} Qxg3+ {[%clk 0:38:42]}
16.Kh1 {[%clk 0:43:32]} Qh3+ {[%clk 0:39:10]} 17.Kg1 {[%clk 0:43:57]}
Qg3+ {[%clk 0:39:35]} 18.Kh1 {[%clk 0:44:24]} Qh3+ {[%clk 0:39:44]}
19.Kg1 {[%clk 0:44:50]} Qg3+ {[%clk 0:40:06]} 20.Kh1 1/2-1/2

[Event "Team men PL"]
[Site "Sochi"]
[Date "2020.11.26"]
[Round "7.4"]
[White "Ponkratov, Pavel"]
[Black "Timerkhanov, Alexander"]
[Result "1-0"]
[BlackElo "2379"]
[WhiteElo "2625"]
[LiveChessVersion "1.4.8"]

1.Nf3 {[%clk 1:30:57]} d5 {[%clk 1:30:51]} 2.c4 {[%clk 1:31:22]}
c6 {[%clk 1:31:15]} 3.d4 {[%clk 1:31:48]} Nf6 {[%clk 1:31:37]}
4.Nc3 {[%clk 1:32:14]} dxc4 {[%clk 1:29:59]} 5.a4 {[%clk 1:32:39]}
Bf5 {[%clk 1:30:16]} 6.Ne5 {[%clk 1:33:05]} Na6 {[%clk 1:30:21]}
7.f3 {[%clk 1:29:58]} Nd7 {[%clk 1:27:28]} 8.Nxd7 {[%clk 1:25:10]}
Qxd7 {[%clk 1:07:45]} 9.e4 {[%clk 1:25:28]} e5 {[%clk 0:58:36]}
10.exf5 {[%clk 1:19:30]} Qxd4 {[%clk 0:57:53]} 11.Ne4 {[%clk 1:09:33]}
Nb4 {[%clk 0:47:48]} 12.Bd2 {[%clk 1:01:16]} Qxb2 {[%clk 0:30:43]}
13.Rb1 {[%clk 0:59:41]} Nc2+ {[%clk 0:27:31]} 14.Kf2 {[%clk 0:58:30]}
Qd4+ {[%clk 0:27:14]} 15.Kg3 {[%clk 0:58:57]} Ne3 {[%clk 0:26:26]}
16.Bxe3 {[%clk 0:59:20]} Qxe3 {[%clk 0:26:53]} 17.Bxc4 {[%clk 0:57:46]}
Qf4+ {[%clk 0:23:46]} 18.Kf2 {[%clk 0:58:12]} Bc5+ {[%clk 0:23:36]}
19.Nxc5 {[%clk 0:57:14]} Rd8 {[%clk 0:22:43]} 20.Bxf7+ {[%clk 0:57:32]}
 1-0